| 000 -ლიდერი |
| ფიქსირებული სიგრძის საკონტროლო ველი |
01308nam a2200253Ia 4500 |
| 001 - საკონტროლო ნომერი |
| საკონტროლო ველი |
22262 |
| 003 - საკონტროლო ნომრის იდენტიფიკატორი |
| საკონტროლო ველი |
GE_BSU |
| 005 - ბოლო ოპერაციის თარიღი და დრო |
| საკონტროლო ველი |
20230216113824.0 |
| 008 - ფიქსირებული სიგრძის მონაცემთა ელემენტები - ზოგადი ინფორმაცია |
| ფიქსირებული სიგრძის საკონტროლო ველი |
181216s2008ge xx |||||||||||||| ||geo|| |
| 020 ## - წიგნის საერთაშორისო სტანდარტული ნომერი |
| International Standard Book Number |
978-9941-13-070-0 |
| 040 ## - კატალოგიზაციის წყარო |
| Transcribing agency |
GE_BSU |
| 041 ## - ენის კოდი |
| Language code of text/sound track or separate title |
geo |
| 080 ## - უნივერსალური ათობითი კლასიფიკაციის ინდექსი |
| Universal Decimal Classification number |
94(3)+821.14'01-32 ჰ-46 |
| 100 ## - მთავარი ჩანაწერი - პიროვნების სახელი |
| Personal name |
ჰეროდოტე, |
| 9 (RLIN) |
16935 |
| 245 ## - ცნობა სათაურის შესახებ |
| Title |
ისტორია / |
| Statement of responsibility, etc |
ჰეროდოტე, თხრობა მანანა ფხაკაძისა, რედ. მარიკა ერქომაიშვილი ; მხატვრ. გაფორმება ნინო ვაჩეიშვილი |
| 264 ## - წარმოების, გამოცემის, დისტრიბუციის და სხვა ცნობები |
| გამოცემის, წარმოების, დისტრიბუციის... ადგილი |
თბილისი : |
| გამოცემის, წარმოების, დისტრიბუციის... სახელწოდება |
თბილ. უნ-ტის გამ-ბა, |
| გამოცემის, წარმოების, დისტრიბუციის... თარიღი |
2009 [2008] |
| 300 ## - ფიზიკური აღწერა |
| Extent |
156 გვ . : |
| Other physical details |
ილ. ; |
| Dimensions |
25 სმ. |
| 653 ## - INDEX TERM--UNCONTROLLED |
| Uncontrolled term |
ისტორია |
| 653 ## - INDEX TERM--UNCONTROLLED |
| Uncontrolled term |
ძველი ქვეყნების ისტორია; ბერძენ-სპარსელთა ომები |
| 700 ## - ADDED ENTRY--PERSONAL NAME |
| Personal name |
ფხაკაძე, მანანა |
| Relator term |
მთხრობელი |
| 9 (RLIN) |
16936 |
| 700 ## - ADDED ENTRY--PERSONAL NAME |
| Personal name |
ერქომაიშვილი, მარიკა |
| Relator term |
რედაქტორი |
| 9 (RLIN) |
16937 |
| 700 ## - ADDED ENTRY--PERSONAL NAME |
| Personal name |
ვაჩეიშვილი, ნინო |
| Relator term |
მხატვარი |
| 9 (RLIN) |
16938 |
| 942 ## - ADDED ENTRY ELEMENTS (KOHA) |
| Koha item type |
წიგნი |
| Source of classification or shelving scheme |
|